000
00290nam a22001217a 4500
008
160520b xxu||||| |||| 00| 0 eng d
020
_a
9780323018883
020
_a
0323018882
041
_a
eng
080
_a
615
245
_a
Calculation of drug dosages:
_c
Sheila J. Ogden;
942
_2
udc
_c
BK
999
_c
2320
_d
2320